Statistiques concernant Hunter X Hunter : Général

Cliquez ici pour prendre le quiz!

Statistiques générales

  • Ce quiz a été pris 1 383 fois
  • Le résultat moyen est 41 sur 219

Statistiques - réponses

PersonnagesNom% Correct
Personnage principalGon Freecss
100%
Meilleur ami du personnage principalKirua Zoldyck
99%
Veut devenir Hunter pour venger son clan déciméKurapika Kuruta
94%
Veut devenir Hunter pour être médecinLeolio Pardinaito
93%
Magicien et manipulateur de cartes
+ Techniques de Nen qu'il possède
Hisoka
88%
Tante de GonMito
76%
Père de GonGing Freecss
71%
PrésidentIsaac Netero
62%
EnfantsIrumi
58%
Grand pèreZeno
55%
PèreSilva
47%
Roi des fourmis chimèresMeruem
46%
Ren
46%
Age de Gon quand il passe l'examen Hunter12 ans
43%
Noms de la plus petite de la familleAruka
42%
Maître de Gon et KiruaBiscke Krueger
42%
Types de NenRenforcement
42%
Nombre de membres (à la fin de l'anime)11
41%
Nombre de Hunters amateurs accompagnant Kaito6
41%
Nombre de parties de Greed Island qu'on peut lancer avec une multiprise8
41%
Chef et technique de Nen associéeKuroro Lucifer
41%
Manipulation
39%
Bungee Gum
38%
Nanika
38%
Lieu de vie de GonIle de la Baleine
37%
37%
Transformation
36%
Spécialisation
35%
Numéro 2 et technique de Nen associéeFeitan
34%
Matérialisation
34%
Le casseur de nouveauxTompa
34%
Nombre d'exemplaires de Greed Island | Nombre de cartes d'emplacement prédéfini100
33%
Karuto
33%
Surnom de la Brigade FantômeL'Araignée
33%
Garde rapprochée du roiNeferupito
33%
Grands principes du Nen et subdivisionsTen
33%
Miruki
32%
Numéro de candidat de Kirua aux examens Hunter (1er et 2nd essai)99
31%
Majordome qui manie des pièces de monnaieGoto
30%
Chien de garde des ZoldyckMike
30%
Nombre de diables (hors Game Master) présents à Sofrabi15
29%
Emission
29%
Armes utilisées par KiruaYoyos
29%
Prime offerte par le milliardaire au premier qui finit Greed Island (en milliards)50
28%
Hatsu
28%
Numéro 11 et technique de Nen associéeUvogin
28%
Numéro 1Nobunaga
27%
Numéro 9 et technique de Nen associéePakunoda
27%
Initie le Nen à Gon et KiruaWing
27%
Numéro 3 et technique utilisée pour soigner HisokaMachi
26%
Zodiaque du RatPariston Hill
26%
Zetsu
26%
Numéro 7 et technique de Nen associéeFranklin
25%
Ver de terre
25%
Apprend le Nen en même tempsZushi
25%
Nombre de candidats retenus à l'issue du premier tour (si valide)16
24%
Numéro de l'étage à partir duquel on ne gagne plus d'argent lors des combats200
24%
Numéro 6 et technique de Nen associéeSharnalk
24%
Accessoire indispensable pour jouer à Greed IslandBague
23%
Hagya / Leor
23%
Arrière arrière grand-pèreMaha
23%
Numéro 8Shizuku
23%
Gyô
22%
Ken
22%
Humaine prise d'affection par le roiKomugi
22%
Première fourmi chimère née de la reine et capable de parlerKoruto
22%
Numéro 5Phinks
22%
Ville de naissance de la majorité des membres de la Brigade FantômeVille de l'étoile filante
22%
Etat de naissance des fourmis chimères (sauf la reine)NGL
21%
Arbre où Ging attend GonArbre-Monde
20%
Numéro 294Hanzo
20%
ServantesKanaria
20%
Nombre de maîtres d'étages21
19%
Sorts de déplacementAccompagnement
19%
En
19%
Ville des sortsMasadora
19%
Razor
19%
Taux de participation minimum pour l'élection du 13ème président Hunter (en %)95
18%
Knuckle
18%
Numéro 12Korutopi
18%
Nov
18%
Equipe d'assaut du palais + Capacités associéesMorau
17%
Numéro 10 et technique de Nen associéeBonorenov
16%
BoomerGenthru
16%
Manipule 2 gorilles blanc et noirGoreinu
16%
Jeu de prédilection de cette humaineGungi
16%
Adversaire d'Hisoka et maître d'étageKastro
16%
Capacité du chef de BoomerLittle Flower
16%
Pamu
16%
Examinateurs (287ème examen)Satotsu
16%
Shoot
16%
Texture trompeuse
16%
Chien
15%
In
15%
Différentes chaînes que possède KurapikaJudgement Chain
15%
MèreKikyo
15%
Tsubone
15%
Assistant du présidentBeans
14%
Attaque lancée par Zeno sur le palaisDragon Dive
14%
Fourmi qui était roi de NGL dans sa vie antérieureMeleoron
14%
ExaminateursMenchi
14%
Fille de parrain, possède un don de voyanceNeon Nostrad
14%
Retour
14%
Amane
13%
Zodiaque du ChienCheadle Yorkshire
13%
Bêtes de l'ombre employées par les 10 parrains (dont on connaît l'animal associé)Chouette
13%
Etat envahi par le roi et sa gardeGolto de l'Est
13%
Roi de NGLJairo
13%
Numéro 245Ponzu
13%
Sangsue
13%
Senritsu
13%
Chain Jail
12%
Nom d'emprunt d'Irumi pendant l'examenGitarakuru
12%
Ville de l'amourLove Love
12%
Porc-épic
12%
Shauapufu
12%
Expert en arnaques qui aide Gon et KiruaZepairu
12%
Hunter criminel qui manie des ciseauxBinolt
11%
ExaminateursBuhara
11%
Elena
11%
Ikarugo
11%
Montutyupi
11%
Bombe utilisée par NeteroRose miniature
11%
Hunter mercenaire engagé par ce milliardaireTsezugera
11%
Numéro 197Amori
10%
Milliardaire qui veut acheter tous les exemplaires de Greed Island pendant les enchèresBattera
10%
Capacité de Nen de KaitoCrazy Slot
10%
Technique possible avec les yeux écarlatesEmperor Time
10%
Trio d'antagonistes de l'arcGuido
10%
002La côte d'un Tsubo
10%
000Le bonheur du détenteur
10%
Numéro 198Imori
9%
017Le souffle du Grand Ange
9%
Numéro 53Pokkuru
9%
Shu
9%
Tour de la 3ème épreuve de l'examen HunterTour aux Astuces
9%
Numéro 199Umori
9%
Zazan
9%
Gardes de la porte d'entrée du domaine des ZoldyckZebulo
9%
Moyen de communication utilisé par les ZoldyckAigle
8%
Basho
8%
Big Bang Impact
8%
Numéro 191Bodoro
8%
Zodiaque du DragonBotobai Gigante
8%
Zodiaque du TigreKanzai
8%
075L'alexandrite de la chance
8%
Parrain qui engage KurapikaLight Nostrad
8%
Zodiaque du BuffleMizaistom Nana
8%
Ryû
8%
Skill Hunter
8%
Werefin
8%
Exorciste de NenAbengane
7%
Bara
7%
Numéro 2 du paysBizev
7%
Evasion
7%
Force magnétique
7%
Zodiaque du SerpentGeru
7%
Zodiaque du MoutonGinta
7%
Attaque la plus puissante de Netero (bombe exclue)Paume de Zéro
7%
Zodiaque du LapinPiyon
7%
Porte principale à ouvrir pour ne pas se faire dévorer par le chien de gardePorte de l'au-delà
7%
ExaminateursRippo
7%
Sukuwara
7%
Vezze
7%
Wdwune
7%
Banqueroute
6%
Gardes du corps employés par le clan NostradDarzolne
6%
Deep Purple
6%
Djido
6%
Holy Chain
6%
Zodiaque du CoqKurrukku
6%
084Le collier du chevalier
6%
Game MastersList
6%
Pain Packer
6%
Riluberto
6%
Sadaso
6%
Zodiaque du SingeSaiyu
6%
Ville du début de la 1ère épreuveZaban
6%
Hauteur de la Tour Céleste991m
5%
Numéro 103Barbon
5%
Black Voice
5%
Burovuda
5%
Ciquento
5%
Dérive
5%
Numéro 384Gereta
5%
Etat de résidence des ZoldyckRépublique de Padokia
5%
Sabu
5%
Zodiaque du ChevalSaccho Kobayakawa
5%
Battle Cantabile
4%
Tournoi où s'affrontent les maîtres d'étagesBattle Olympia
4%
Pirate lutteurBopobo
4%
Capacités de Nen de la garde rapprochéeDoctor Blythe
4%
Double Machine Gun
4%
Dowsing Chain
4%
Eather
4%
Ile où se déroule la 4ème épreuve de l'examen HunterIle Zebiru
4%
Iwalenkov
4%
025Le dé du risque
4%
Memory Bomb
4%
Surnom du marécage de la 1ère épreuve de l'examen HunterNid des Escrocs
4%
Chefs d'escouadePegui
4%
Saccimono Toccino
4%
Spiritual Message
4%
Suture aux fils de Nen
4%
1219
3%
Bushidora
3%
Guide suprême du pays envahi par le roi et sa gardeDiigo
3%
Ville du jeuDorias
3%
Forêt de la 2ème épreuve de l'examen HunterForêt de Biska
3%
Hide And Seek
3%
Hotel Rafflesia
3%
Loupe
3%
Ville du château des maîtres du jeuRimeiro
3%
Rinsen
3%
Yunju
3%
Living Dead Dolls
2%
Candidats favorables à une réforme des Commandements et de l'examenTeradein
2%
Terpischora
2%

Distribution des résultats

Percentile par nombre de réponses

% des personnes avec chaque résultat

Votre développement - résultats

Vous n’avez pas pris ce quiz